Nad Tatra Airom sa blýska

Profil leteckej spoločnosti Tatra Air Group, a.s., Bratislava. Počet cestujúcich na pravidelných linkách. Plánované zlúčenie Slovenských aerolínií s Tatra Airom.

Gespeichert in:
Bibliographische Detailangaben
1. Verfasser: Polakovič, Ivan
Format: Buch
Sprache:Slowakisch
Schlagworte:
Tags: Tag hinzufügen
Keine Tags, Fügen Sie das erste Tag hinzu!

MARC

LEADER 00000nam a2200000 4500
001 r031096
005 20251104124735.7
041 0 |a slo 
044 |a SK 
245 1 0 |a Nad Tatra Airom sa blýska  |c Ivan Polakovič 
520 |a Profil leteckej spoločnosti Tatra Air Group, a.s., Bratislava. Počet cestujúcich na pravidelných linkách. Plánované zlúčenie Slovenských aerolínií s Tatra Airom. 
610 2 0 |a doprava letecká 
610 2 0 |a Slovensko 
610 2 0 |a spoločnosti letecké 
610 2 0 |a Tatra Air Group, a.s. Bratislava 
100 1 |a Polakovič, Ivan